<?xml version="1.0" encoding="UTF-8"?>
<collection xmlns="http://www.loc.gov/MARC21/slim">
<record>
  <controlfield tag="001">5709</controlfield>
  <datafield tag="088" ind1=" " ind2=" ">
    <subfield code="a">4185</subfield>
  </datafield>
  <datafield tag="520" ind1=" " ind2=" ">
    <subfield code="a">Train headed east over Union Ave railroad crossing. S. P. crossing flagman's shack in foreground next to old Jalisco Café (Depot Club on left. C. P. C. (Del Monte) canning warehouse and dirt road to Rio Vista can be seen.</subfield>
  </datafield>
  <datafield tag="980" ind1=" " ind2=" ">
    <subfield code="a">43905848739</subfield>
  </datafield>
  <datafield tag="960" ind1=" " ind2=" ">
    <subfield code="a">hc</subfield>
  </datafield>
</record>
</collection>